| 000 | 00434pab a2200157 454500 | ||
|---|---|---|---|
| 008 | 180718b1998 xxu||||| |||| 00| 0 eng d | ||
| 100 | _aDevasahayam, M.G. | ||
| 245 | _aInfrastructure development: a lopsided strategy | ||
| 260 | _c1998 | ||
| 300 | _ap.10 | ||
| 362 | _a27 May | ||
| 650 | _aEconomic and social development - India | ||
| 650 | _aEconomic and social development | ||
| 773 | _aHindu (Business Line) | ||
| 909 | _a38529 | ||
| 999 |
_c38529 _d38529 |
||